| 000 | 00486nam a2200205#a 4500 | ||
|---|---|---|---|
| 001 | vtls000013273 | ||
| 008 | 230822s1986 xx 000 0 eng d | ||
| 040 | _aJPS | ||
| 090 | 0 | 0 | _aAG-0316 |
| 110 | _aMOA. | ||
| 245 | 0 | _aPelan Induk Pembangunan Pertanian Negeri Pulau Pinang: Laporan Akhir | |
| 260 |
_aMOA _c1986 |
||
| 300 | _ap. | ||
| 650 | 1 | 0 | _aAGRICULTURE. |
| 650 | 2 | 0 | _aAGRI. |
| 650 | 2 | 0 | _aGeneral. |
| 651 | _aMalaysia, P.Pinang. | ||
| 942 | _cMONO | ||
| 999 |
_aVIRTUA00 _c9529 _d9529 |
||
| 003 | JPS | ||